Asignación y distribución de las aguas terrestres

Saved in:
Bibliographic Details
Main Author: Figueroa del Río, Luis Simón (Author)
Format: Book
Language:Spanish
Published: Santiago Universidad Gabriela Mistral 1995
Edition:1a. ed
Subjects:
Tags: Add Tag
No Tags, Be the first to tag this record!

MARC

LEADER 00000cam a2200000 a 4500
001 UCC4311
003 CL-VaPUC
008 180727e19950000cl |||||||||||||||||spa|d
020 |a 9567407053 
082 0 4 |a 346.046  |b FIG  |2 21 
100 0 |a Figueroa del Río, Luis Simón  |e author  |9 598506 
245 1 0 |a Asignación y distribución de las aguas terrestres 
250 |a 1a. ed 
300 |a 143 p 
942 |c BK 
945 |d 20180727 12:54:00  |a dcastane 
260 |a Santiago  |b Universidad Gabriela Mistral  |c 1995 
650 0 |a Derecho de aguas  |9 257148 
650 0 |a Aprovechamiento de aguas  |9 368432 
583 |a last modification  |c 20180727 12:54:00  |k Rodrigo Vera 
999 |c 371864  |d 371862 
952 |0 0  |1 0  |3 erb  |4 0  |6 346_046000000000000_FIG_1995  |7 0  |8 A  |9 489061  |a BIBDER  |b BIBDER  |e Mateluna Arestizabal, Alfredo Sergio  |i 5482836  |l 1  |o 346.046 FIG 1995  |p 5482836  |r 2024-04-26  |s 2024-04-19  |w 2019-11-24  |y BK  |z Catalogado en:20180727  |k DER